| 000 | 00943nas a2200301 4500 | ||
|---|---|---|---|
| 001 | BR9904416 | ||
| 003 | BR-BrBNA | ||
| 005 | 20231205101541.0 | ||
| 007 | ta | ||
| 008 | 230509b bl.|||p| |||| 00| 00por d | ||
| 040 |
_aBR-BrBNA _bpor _cBiblioteca Nacional de Agricultura |
||
| 041 | _a(Pt) | ||
| 072 | _aF50; L02 | ||
| 100 | 1 | _aTeixeira, E.I. | |
| 100 | 1 | _aMattos, W.R.S. | |
| 100 | 1 | _aCamargo, A.C. de | |
| 100 | 1 | _aRosseto, F.A. de A. | |
| 100 | 1 | _aTeixeira, C.S.P. | |
| 245 | 1 | _aAvaliacao de producao e utilizacao de uma pastagem de capim Tobiata (Panicum maximum cv. Tobiata)sob pastejo rotacionado | |
| 650 | _aCapim Coloniao | ||
| 650 | _aMorfologia Vegetal | ||
| 650 | _aPastagem | ||
| 650 | _aPastejo Rotativo | ||
| 650 | _aMateria Seca | ||
| 773 | 0 |
_tScientia Agricola (Brazil) _xISSN 0103-9016 _g(Apr-Jun 1999), v. 56(2) p. 349-355 _wBR9904416 |
|
| 909 |
_a202311 _bLúcia _c55 _dLúcia Elande |
||
| 942 |
_2AGRIS _n0 _cANA |
||
| 999 |
_c162474 _d162474 |
||